000 00798nam a2200229 a 4500
001 49059
003 BD-RjUL
005 20211209054628.0
008 160817s1972 bg ||||| |||| 00| 0 ben d
020 _c: Tk.3.50
035 _a(BD-RjUL)49178
040 _aBD-RjUL
_bben
_cBD-RjUL
_dBD-RjUL
041 _aben
082 _223
_a891.441
_bHUS 1972
100 _aহুদা, মূহম্মদ নূরুল
_9147604
245 1 0 _aশোণিতে সমুদ্রপাত /
_cমূহম্মদ নূরুল হুদা
260 _aঢাকা :
_bশব্দরুপ প্রকাশনী,
_c১৯৭২
300 _a৬৪ পৃ. ;
_c২১ সেমি.
650 _aবাংলা কবিতা
_9147605
650 _aBengali poetry
_9147606
942 _2ddc
_cBK
999 _c49059
_d49059